|
|
|
|
| LEADER |
00000cam a2200000 a 4500 |
| 001 |
vtls010458135 |
| 003 |
SK-MaSNL |
| 005 |
20260301132851.0 |
| 008 |
240315s2012 xo g d 000 0 ger |
| 015 |
|
|
|a SNBA2012/09-05051
|
| 020 |
|
|
|a 9788055123127
|q (viaz.)
|
| 040 |
|
|
|a SNK
|b slo
|c SNK
|e AACR2
|
| 041 |
0 |
|
|a slo
|a ger
|
| 044 |
|
|
|a xo
|c SK
|
| 072 |
|
7 |
|a 81
|x Lingvistika. Jazyky
|2 konspekt
|
| 080 |
|
|
|a 811.161.4
|2 2001
|
| 080 |
|
|
|a 811.112.2
|2 2001
|
| 080 |
|
|
|a (038)81
|2 2001
|
| 080 |
|
|
|a 81'374.8-022.215
|2 2001
|
| 100 |
1 |
|
|a Čierna, Mária,
|d 1940-
|4 aut
|9 172576
|
| 245 |
1 |
0 |
|a Slovensko-nemecký slovník
|c Mária Čierna, Ladislav Čierny
|
| 246 |
1 |
1 |
|a Slowakisch-deutsches Wörterbuch
|
| 260 |
|
|
|a Bratislava
|b Ikar
|c 2012
|
| 300 |
|
|
|a 1063 s.
|c 30 cm
|
| 504 |
|
|
|a Bibliogr. s. [23]. Zoz.
|
| 650 |
0 |
7 |
|a slovenčina
|2 SNKPH
|9 1350
|
| 650 |
0 |
7 |
|a nemčina
|2 SNKPH
|9 1384
|
| 650 |
0 |
7 |
|a Slovak language
|2 SNKPHeng
|9 266031
|
| 650 |
0 |
7 |
|a German language
|2 SNKPHeng
|9 278149
|
| 655 |
|
7 |
|a dvojjazyčné prekladové slovníky
|2 SNKPH
|9 70744
|
| 655 |
|
7 |
|a Bilingual translation dictionaries
|2 SNKPHeng
|9 287935
|
| 700 |
1 |
|
|a Čierny, Ladislav
|4 aut
|9 5127
|
| 852 |
|
|
|a Štátna vedecká knižnica v Banskej Bystrici
|
| 919 |
|
|
|a 978-80-551-2312-7
|
| 958 |
|
|
|a NB
|
| 968 |
|
|
|d 81
|
| 999 |
|
|
|c 752191
|d 754121
|
| 952 |
|
|
|a SNK
|b SNK
|y PREZ
|7 0
|p 17A1054422
|o snkSB 83678
|i snk2012/20918
|8 0
|0 0
|1 0
|4 0
|d 2012-10-17
|l 0
|r 2025-05-06 00:00:00
|w 2026-02-23
|
| 952 |
|
|
|a SNK
|b SNK
|y VYP
|7 0
|p 17A1054421
|o snkSB 83678 D1
|i snk2012/20919
|8 0
|0 0
|1 0
|4 0
|d 2012-10-17
|l 0
|r 2016-06-30 00:00:00
|w 2026-02-23
|